header

The decline in saving (Record no. 246053)

MARC details
000 -LEADER
fixed length control field 01733nam a2200349 a 4500
082 04 - DEWEY DECIMAL CLASSIFICATION NUMBER
Classification number 339.4/30973
100 1# - MAIN ENTRY--AUTHOR NAME
Personal name Bosworth, Barry,
245 14 - TITLE STATEMENT
Title The decline in saving
260 ## - PUBLICATION, DISTRIBUTION, ETC. (IMPRINT)
Place of publication Washington, D.C. :
Name of publisher Brookings Institution,
Year of publication c2011.
300 ## - PHYSICAL DESCRIPTION
Number of Pages p. ;.
505 0# - FORMATTED CONTENTS NOTE
Formatted contents note Introduction -- Measuring saving -- Why don't americans save? -- Global saving patterns -- Consequences of low saving.
520 ## - SUMMARY, ETC.
Summary, etc "Examines the decline in saving in the United States over the past quarter-century. Is it a statistical artifact of the official measure of saving? Why don't Americans save? What are the consequences for economic growth, the performance of the aggregate economy, and policy goals?"--Provided by publisher.
650 #0 - SUBJECT ADDED ENTRY--TOPICAL TERM
Topical Term Saving and investment
856 40 - ELECTRONIC LOCATION AND ACCESS
Uniform Resource Identifier http://site.ebrary.com/lib/rucke/Doc?id=10540440

No items available.

© 2026 Rongo University
Contact us: librarian | system librarian | Rongo university